000 00851nam a2200253 i 4500
003 DO-SdBNP
005 20260512143859.0
007 ta
008 260512b2025 dr ||||| |||| 00| 0 spa d
040 _aDO-SdBNP
_bspa
_cBNPHU
_erda
041 _aspa
082 4 _axxx
_bL937f
_222
100 1 _aLuciano López, Margarita,
_d1950-
_eautor
_4aut.
_984993
245 1 0 _aFundamentos y estrategias creativas para trabajar literatura infanto-juvenil /
_cMagarita Luciano López
264 1 _aSanto Domingo :
_bEditorial Santuario,
_c2025.
300 _a319 páginas ;
_c24 cm.
336 _atexto
_btxt
_2rdacontent
337 _asin mediación
_bn
_2rdamedia
338 _avolumen
_bnc
_2rdacarrier
500 _aIncluye datos biográficos del autor en la solapa de la cubierta
590 _aInventariado, 2026/BT
910 _aBtavárez
942 _2ddc
_cLBS1
999 _c60722
_d60722